LIBRARY & INFORMATION CENTRE, KCAET, TAVANUR

ONLINE PUBLIC ACCESS CATALOGUE (OPAC)

Introduction to hydrology / (Record no. 13337)

MARC details
000 -LEADER
fixed length control field 00424cam a2200169ua 4500
041 ## - LANGUAGE CODE
Language code of text/sound track or separate title eng
082 ## - DEWEY DECIMAL CLASSIFICATION NUMBER
Classification number 551.48
Item number VIE/IN
100 ## - MAIN ENTRY--AUTHOR NAME
Personal name Viessman, Warren .
245 ## - TITLE STATEMENT
Title Introduction to hydrology /
250 ## - EDITION STATEMENT
Edition statement 5 /
260 ## - PUBLICATION, DISTRIBUTION, ETC. (IMPRINT)
Place of publication :
Name of publisher Pearson Education Asia ,
Year of publication 2007.
300 ## - PHYSICAL DESCRIPTION
Number of Pages 612 ; .
700 1# - ADDED ENTRY--PERSONAL NAME
Personal name Lewis, Gary L .
942 ## - ADDED ENTRY ELEMENTS (KOHA)
Koha item type Books
Holdings
Withdrawn status Lost status Damaged status Home library Current library Date acquired Full call number Accession Number Koha item type
      KAUAET KAUAET 07/04/2012 551.48 21759 Books
free website counter